عرض عادي
عرض مارك
- القران
مدخل مصطلح موضوعي
عدد التسجيلات المستخدمة في: 20
001 - رقم الضبط
- حقل الضبط: 500
003 - معرف رقم الضبط
- حقل الضبط: OSt
005 - تاريخ ووقت أخر عملية
- حقل الضبط: 20110627022910.0
008 - عناصر بيانات ثابتة الطول
- حقل تحكم ثابت الطول: 110627|||a|||||| | ||| d
040 ## - مصدر الفهرسة
- هيئة الفهرسة الأصلية: OSt
- وكالة الكتابة: OSt
150 ## - مدخل-- مصطلح تاريخي
- عنصر مدخل المصطلح الموضوعي او الاسم الجغرافي: القران
- تفريع عام: تفسير
670 ## - بيانات المصدر موجوده
- الاستشهاد بالمصدر: Work cat.: (OSt): حمزة ، مصطفى 499, الوجيز في تفسير اي الكتاب العزيز , 2009
